Taylor Swift - Paroles The Albatross - Statistiques

Statistiques générales
  • Ce quiz a été pris 23 fois
  • Le résultat moyen est 204 sur 247
Statistiques - réponses
Hint Réponse % Correct
A
100%
a
100%
albatross
100%
an
100%
And
100%
destroy
100%
fake
100%
he
100%
her
100%
I
100%
is
100%
me
100%
men
100%
on
100%
once
100%
said
100%
She
100%
She's
100%
the
100%
The
100%
They
100%
they
100%
to
100%
Couplet 1 | Couplet 2 | Couplet 3 Wise
100%
you
100%
You
100%
your
100%
You're
100%
you're
100%
believed
93%
danger
93%
danger)
93%
here
93%
I'm
93%
in
93%
it
93%
news
93%
read
93%
terrible
93%
that
93%
about
86%
are
86%
Refrain Cross
86%
cross
86%
death
86%
heart
86%
like
86%
my
86%
of
86%
Only
86%
Outro | Refrain So
86%
them
86%
thoughtless
86%
tried
86%
warn
86%
when
86%
When
86%
all
79%
bad
79%
crossed
79%
garden"
79%
him
79%
kills
79%
non
79%
"One
79%
one
79%
seed
79%
this
79%
(This
79%
bed
71%
by
71%
chose
71%
couldn't
71%
I'll
71%
I've
71%
know
71%
life
71%
liquor
71%
matters
71%
now
71%
rescue
71%
Spread
71%
too
71%
"Wild
71%
wings
71%
angel
64%
at
64%
been
64%
But
64%
candle"
64%
devil
64%
Devils
64%
from
64%
grata
64%
how
64%
I'd
64%
less
64%
Looks
64%
more
64%
none
64%
parachute
64%
persona
64%
sharpen"
64%
there
64%
were
64%
winds
64%
dagger
57%
dreams
57%
fire
57%
rains
57%
Raise
57%
rose
57%
sky
57%
stranger
57%
tell
57%
visit
57%
any
50%
dragged
50%
Locked
50%
name
50%
other
50%
scandal
50%
swept
50%
temptress,
50%
towers
50%
up
50%
anoints
43%
messengers
43%
Shooting
43%
sleeping
43%
stood
43%
their
43%
conceive
36%
than
36%
Cautions
29%
issued,
29%
raised
29%
soundly
29%
hackles
21%
Jackals
21%
worse
21%
hell
14%
Aucun quiz correspondant
Distribution des résultats
% des personnes avec chaque résultat
Percentile par nombre de réponses
Votre historique - résultats
Vous n’avez pas pris ce quiz